01691nam a22002657a 4500003000900000008004100009040007100050082002400121110003600145245008800181260005300269300003300322440012400355505070500479650001801184650001301202650002001215650002801235700002501263700003401288700002201322700001901344700004101363700002101404AR-CdUCM190425b ||||| |||| 00| 0 spa d aMUNICIPALIDAD PROVINCIAL DEL CUSCOcBIBLIOTECA MUNICIPAL DEL CUSCO aRev.Andi/N°20/1992 aCentro Bartolomé de Las Casas aRevista andina /cCentro de estudios rurales andinos Bartolomé de Las Casas Cusco aCusco :bCentro Bartolomé de Las Casas,c1992. a279-563 páginas. :c23 cm. aPublicación Semestral del Centro Bartolomé de Las Casas Cusco.nAño 10, Número 20, N°2, Segundo semestre 1992. aContenido: La fiesta del carnaval postcolonial en Oruro clase, etnicidad y nacionalismo en la danza folklórica. Thomas Abercrombie. -- Los bailes de los indios y el proyecto colonial. Juan Carlos Estenssoro Fuchs. -- Las zampoñas del conjunto de Kantu y el debate sobre la función de la segunda hilera de tubos datos etnográficos y análisis semiótico. André Langevin. -- Del esencialismo a lo esencial pragmática y significado de la interpretación de los Sikuri puneños en Lima. Thomas Turino. -- Continuidad y cambio interpretación de la decoración de una vasija Nazca. María Concepción Blasco Bosqued. -- Lingüística mapuche, guía bibliográfica. Adalberto Salas. aCultura Nazca aFolklore aMúsica andina aLingüística Mapuche aAbercrombie, Thomas  aEstenssoro Fuchs, Juan Carlos aLangevin, André aTurino, Thomas aBlasco Bosqued, María Concepción aSalas, Adalberto